000 00832cam a2200241 4500
001 J1834
008 090401t1993 xxu||||| |||| 00| 0 eng d
035 _a(Sirsi) u45678
041 _aeng
110 _aEurope
_bEuropean Communities Commission
_9698
245 _aProposal for a council regulation (EEC) amending Regulations (EEC) Nos 2328/91, 866/90, 1360/78, 1035/72 and 449/69 with a view to expediting the adjustment of production, processing and marketing structures as part of the reform of the common agricultural policy.
260 _c1993
300 _a53p. ; 30cm.
350 _a0
490 _aCOM
_v(93) 270 final
650 _aCOMMON AGRICULTURAL POLICY
650 _aEC REGULATIONS
650 _aEUROPEAN COMMUNITY
650 _aFARMING
690 _aRURAL PRACTICE
942 _n0
948 _c04/03/1997
999 _c91799
_d91799